Регионална библиотека "Любен Каравелов" - Русе

Тайната на Екскалибур (Запис номер 174229)

MARC детайли
000 -Лидер
Контролно поле с фиксирана дължина 01292nam a2200313 a 4500
003 - Код на организацията, давaща контролен номер
Контролно поле BLK
005 - Дата и час на последна редакция
Контролно поле 20250414135321.0
008 - Елементи от данни с фиксирана дължина
fixed length control field 180411b bul|||||r ||||||| ||bul||
010 ## - Наследен системен номер
LC control number KNG00182693000
020 ## - Международен стандартен номер на книга ISBN
Международен стандартен номер на книга ISBN 978-619-191-056-4
040 ## - Източник на каталожния запис
Идентификатор на билиотеката - собственик на записа BLK
041 ## - Код за език
Код за езика на текст/звукозапис или на отделно заглавие Български
Код за езика КДБФ Български
072 #7 - Код за тематичната категория
Код организация bullib
Код за тематична категория Н8301
Текст Трилъри Н
080 ## - УДК
Текстов определител УДК Английска литература
УДК код - определител по УДК 821.111
УДК определител -312.4
УДК - код + определител 821.111-312.4
100 1# - Редна дума - Автор
Автор Макдермът, Анди
Авторска отговорност първи автор
R(LIN) 91128
139 ## - Редно поле
Редна дума Макдермът, Анди
Авторски знак Мак - М 19
245 10 - Сведения за заглавието
Заглавие Тайната на Екскалибур
Подзаглавни данни Роман
Редно поле (дума) Анди Макдермът; прев. от англ. Мирела Стефанова.
257 ## - Страна на издаване
Страна на създаване/издаване Великобритания
260 ## - Област на издателските данни
Място на издаване, разпространение и проч. София
Име на издателя, разпространителя и проч. Арт Етърнал Синема
Година на издаване 2014
Печатница София : Алианс принт
300 ## - Физическа характеристика
Страници 350 с.
Размери/Мащаб 21 см
380 ## - Жанр
Жанр Худож. лит.
500 ## - Общи забележки
Забележка 1. изд. 2010 на изд. Ергон. - Ориг. загл. The Secret of Excalibur / Andy McDermott.
700 1# - Други автори (авторска отговорност)
Лично име Стефанова, Мирела Стефанова
Автороска отговорност (Описва отношението между автора и произведението) прев. от англ.
9 (RLIN) 367650
852 ## - Местоположение
Форматна сигнатура Цб 277089
856 4# - Електронен адрес и достъп
Електронен формат pdf - файл
Инструкция (цена за достъп) 0.00
Права за достъп disable
856 4# - Електронен адрес и достъп
Електронен формат pdf - файл
Инструкция (цена за достъп) 0.00
Права за достъп disable
999 ## - СИСТЕМНИ КОНТРОЛНИ НОМЕРА
Koha biblionumber 174229
Koha biblioitemnumber 174229
942 ## - АРТИКУЛИ
Вид на библиотечния материал Книги
Скрит в OPAC Не
Периодичен библиозапис Да
Koha issues (borrowed), all copies 10
944 ## - СЪЗДАВАНЕ И РЕДАКЦИЯ на ЗАПИСА
Създаване/Редакция Създаване
Дата на регистрацията/редакция 25.09.2015
Статус, дата на статуса Минев Младен
Служител, извършил регистрацията/редакцията 30530
Наличности
Код за отписване Код за изгубен артикул Код за повреда Коз за рестрикции Код за отдаване Артикулен № Име на библиотеката - собственик Име на библиотеката, в която се намира в момента Статус (Текущо местоположение) Дата на вписване в системата Местоположение - отдел Цена в лева Инвентарен номер Систематично азбучна сигнатура Баркод Номер на екземпляра Цена в евро Служебна бележка Служебен тип на артикула Източник на класификационната схема
  Не е изгубен Не е повреден без рестрикции ползва се в читалня 298730 Регионална библиотека "Любен Каравелов" Русе Регионална библиотека "Любен Каравелов" Русе Хранилище 2015-09-28 Хранилище 18.00 120000793047 Цб 277089 120000793047 1 9.20 Дост: Dp Вид: Д N: 30 Дата: 07.07.2015 Книги  
  Не е изгубен Не е повреден без рестрикции заемане за дома 925628 Регионална библиотека "Любен Каравелов" Русе Регионална библиотека "Любен Каравелов" Русе Заемна - подръчен фонд 2023-03-29 Заемна - подръчен фонд 14.00 120000884958 821-31/М 19 А 120000884958   7.16   Книги Universal Decimal Classification
Vip Innovations Ltd, Rousse, Bulgaria 2025